00472nam a2200181 a 450000100060000000300090000600800410001502000150005604000280007108200150009910000190011424500210013326000420015430000100019650500340020665000240024065000260026414926CO-ViMGA141112s2004 ck r 000 u spa d a9588108845 aCO-ViMGAbspacCO-ViMGA04aCo863 C3571 aCenteno, Pacho10aLa traga hombres aBucaramanga, ceditorial ltda, c2001 a95.p. aFrancisco el hombre - Leyenda14aCUENTOS COLOMBIANOS14aLITERATURA COLOMBIANA